|
|
|
|
| LEADER |
02374nam a22003853i 4500 |
| 001 |
EBC5183240 |
| 003 |
MiAaPQ |
| 005 |
20240729202202.0 |
| 006 |
m o d | |
| 007 |
cr cnu|||||||| |
| 008 |
240729s2017 xx o ||||0 eng d |
| 020 |
|
|
|a 9789176853894
|q (electronic bk.)
|
| 035 |
|
|
|a (MiAaPQ)EBC5183240
|
| 035 |
|
|
|a (Au-PeEL)EBL5183240
|
| 035 |
|
|
|a (CaPaEBR)ebr11485314
|
| 035 |
|
|
|a (OCoLC)1016999295
|
| 040 |
|
|
|a MiAaPQ
|b eng
|e rda
|e pn
|c MiAaPQ
|d MiAaPQ
|
| 100 |
1 |
|
|a Imre, Özgün.
|
| 245 |
1 |
0 |
|a Adopting Information Systems Perspectives from Small Organizations.
|
| 250 |
|
|
|a 1st ed.
|
| 264 |
|
1 |
|a Linköping :
|b Linkopings Universitet,
|c 2017.
|
| 264 |
|
4 |
|c {copy}2017.
|
| 300 |
|
|
|a 1 online resource (184 pages)
|
| 336 |
|
|
|a text
|b txt
|2 rdacontent
|
| 337 |
|
|
|a computer
|b c
|2 rdamedia
|
| 338 |
|
|
|a online resource
|b cr
|2 rdacarrier
|
| 490 |
1 |
|
|a Linköping Studies in Science and Technology. Dissertations Series ;
|v v.1895
|
| 505 |
0 |
|
|a Intro -- Abstract -- Preface -- Acknowledgement -- Table of Contents -- 1 Introduction -- 2 Reflections on Theories -- 3 Reflections on Research Approach -- 4 The Research Papers -- 4.1 Paper 1 - Stake and Salience of Stakeholders -- 4.1.4 Reflections on Paper 1 -- 4.2 Paper 2 - Social Worlds and Negotiated Orders -- 4.2.3 Reflections on Paper 2 -- 4.3 Nuancing the Stakeholder Model -- 4.3.3 Reflections on Paper 3 -- 4.4 Paper 4 - Investigating the work system -- 4.4.3 Reflections on Paper 4 -- 4.5 Paper 5 - Factors affecting IS adoption at Kitchen Co. -- 4.5.2 Adopting Information Systems in a Small Company: A Longitudinal study -- 4.5.3 Reflections on Paper 5 -- 5 Conclusions and Discussion -- References.
|
| 588 |
|
|
|a Description based on publisher supplied metadata and other sources.
|
| 590 |
|
|
|a Electronic reproduction. Ann Arbor, Michigan : ProQuest Ebook Central, 2024. Available via World Wide Web. Access may be limited to ProQuest Ebook Central affiliated libraries.
|
| 655 |
|
4 |
|a Electronic books.
|
| 776 |
0 |
8 |
|i Print version:
|a Imre, Özgün
|t Adopting Information Systems Perspectives from Small Organizations
|d Linköping : Linkopings Universitet,c2017
|
| 797 |
2 |
|
|a ProQuest (Firm)
|
| 830 |
|
0 |
|a Linköping Studies in Science and Technology. Dissertations Series
|
| 856 |
4 |
0 |
|u https://ebookcentral.proquest.com/lib/matrademy/detail.action?docID=5183240
|z Click to View
|